Syngenetic manganese formations of India. (Record no. 72241)

MARC details
000 -LEADER
fixed length control field 00591nam a22002171 4500
001 - CONTROL NUMBER
control field sa 67000839
003 - CONTROL NUMBER IDENTIFIER
control field DLC
005 - DATE AND TIME OF LATEST TRANSACTION
control field 20260227112318.0
008 - FIXED-LENGTH DATA ELEMENTS--GENERAL INFORMATION
fixed length control field 740123s1966 ii ab b 00000 eng
010 ## - LIBRARY OF CONGRESS CONTROL NUMBER
LC control number sa 67000839
025 ## - OVERSEAS ACQUISITION NUMBER
Overseas acquisition number PL480:I-E-6445
043 ## - GEOGRAPHIC AREA CODE
Geographic area code a-ii---
050 0# - LIBRARY OF CONGRESS CALL NUMBER
Classification number TN490.M3
Item number R65
082 ## - DEWEY DECIMAL CLASSIFICATION NUMBER
Classification number 553.462
100 10 - MAIN ENTRY--PERSONAL NAME
Personal name Roy, Supriya.
245 10 - TITLE STATEMENT
Title Syngenetic manganese formations of India.
260 0# - PUBLICATION, DISTRIBUTION, ETC.
Place of publication, distribution, etc. Calcutta,
Name of publisher, distributor, etc. Jadavpur University,
Date of publication, distribution, etc. 1966.
300 ## - PHYSICAL DESCRIPTION
Extent v, 219 p.
Other physical details illus., maps.
Dimensions 25 cm.
504 ## - BIBLIOGRAPHY, ETC. NOTE
Bibliography, etc. note Bibliography: p. [184]-219.
650 #0 - SUBJECT ADDED ENTRY--TOPICAL TERM
Topical term or geographic name entry element Manganese ores
Geographic subdivision India.

No items available.

Powered by Koha